000 00617nam a22002297a 4500
003 UA-OsUOA
001 90304
007 ta
008 20121115b un ||||| |||| 00| 0 ukr d
100 _aЛозовий В.
090 _a821.161.2
_bЛ72
942 _cBK
040 _aUA-OsUOA
_bukr
_cUA-OsUOA
_dUA-OsUOA
245 _aЩо відстоялося у серці
_bповість
300 _a173 с.
955 _a3
041 _aukr
080 _a821.161.2
260 _aЛьвів
_bКаменяр
_c1978
650 7 _a82 Література. Літературознавство
_2UDC
999 _c376666
_d376666